Playhouse Disney/ Disney Junior Characters- Letter D - Statistics

General Stats
  • This quiz has been taken 33 times
  • The average score is 5 of 9
Answer Stats
Picture Answer % Correct
Daisy Duck
89%
Donald Duck
89%
Doc McStuffins
84%
Darby
68%
Dave
63%
Dorothy the Dinosaur
53%
Donny McStuffins
42%
Dirty Dan and Dusty
21%
Dozer
16%
No matching quizzes found
Score Distribution
Percent of People with Each Score
Percentile by Number Answered
Your Score History
You have not taken this quiz